[Event "ODEM U25A 2011"]
[Site "Oberhof GER"]
[Date "2011.06.13"]
[Round "3"]
[White "Humburg, Philipp"]
[Black "Mehling, Franziska"]
[Result "1-0"]
[Termination "normal"]
[Board "33"]
[WhiteElo "1672"]
[BlackElo "1542"]
[PlyCount "89"]
[WhiteFideId "24656151"]
[BlackFideId "12900133"]
[EventCountry "GER"]
[EventRounds "9"]
[EventType "swiss"]
[EventDate "2011.06.11"]

1. d4 Nf6 2. c4 e6 3. Nf3 d5 4. e3 c6 5. b3 Nbd7 6. Bd3 Bd6 7. Nbd2 O-O 8. Bb2
Re8 9. Ne5 Qc7 10. f4 c5 11. O-O b6 12. cxd5 Nxd5 13. Bxh7+ Kf8 14. Rf3 N7f6
15. Bd3 Bb7 16. Rh3 Ke7 17. Rg3 Rg8 18. Qe2 Nb4 19. Bb1 Rad8 20. Nec4 a6 21.
Nxd6 Qxd6 22. Nc4 Qc7 23. a3 Nbd5 24. dxc5 Qxc5 25. Bd4 Qc7 26. Ra2 b5 27. Ne5
Rc8 28. Rc2 Qd8 29. Bc5+ Ke8 30. Rc1 Nd7 31. Nxd7 Qxd7 32. b4 Qd8 33. Qf2 a5
34. e4 Nf6 35. Rd3 Qc7 36. e5 Nd5 37. Rcd1 axb4 38. axb4 Rh8 39. Re1 Ra8 40. f5
Ra4 41. fxe6 fxe6 42. Rf3 Nxb4 43. Rf8+ Rxf8 44. Qxf8+ Kd7 45. Bxb4 1-0

[Event "ODEM U25A 2011"]
[Site "Oberhof GER"]
[Date "2011.06.13"]
[Round "3"]
[White "Gefnider, Andreas"]
[Black "Schreiber, Justina"]
[Result "1-0"]
[Termination "normal"]
[Board "34"]
[WhiteElo "1697"]
[BlackElo "1467"]
[PlyCount "57"]
[WhiteFideId "12900176"]
[BlackFideId "24661570"]
[EventCountry "GER"]
[EventRounds "9"]
[EventType "swiss"]
[EventDate "2011.06.11"]

1. e4 e6 2. d4 d5 3. exd5 exd5 4. Bd3 Bd6 5. c3 Nc6 6. Nf3 Bg4 7. O-O Qd7 8.
Re1+ Nge7 9. Bg5 f6 10. Bh4 O-O-O 11. Nbd2 g5 12. Bg3 h5 13. Bxd6 Qxd6 14. b4
Bf5 15. Qc2 Bxd3 16. Qxd3 Rde8 17. Nb3 Nb8 18. Nc5 Nd7 19. a4 c6 20. Re2 Nxc5
21. dxc5 Qd7 22. Rae1 Kd8 23. Nd4 Kc8 24. Re6 Rhf8 25. Qe3 Rf7 26. h3 Qc7 27.
b5 Qd7 28. Rd6 Qc7 29. Qe6+ 1-0

[Event "ODEM U25A 2011"]
[Site "Oberhof GER"]
[Date "2011.06.13"]
[Round "3"]
[White "Garbe, Maximilian"]
[Black "Tarakanova, Valeria"]
[Result "1-0"]
[Termination "normal"]
[Board "35"]
[WhiteElo "1686"]
[BlackElo "1740"]
[PlyCount "49"]
[WhiteFideId "12913855"]
[BlackFideId "24179205"]
[EventCountry "GER"]
[EventRounds "9"]
[EventType "swiss"]
[EventDate "2011.06.11"]

1. e4 e5 2. Nf3 Nc6 3. Bb5 a6 4. Bxc6 dxc6 5. O-O Bd6 6. d4 exd4 7. Qxd4 f6 8.
Re1 Ne7 9. Nbd2 O-O 10. Nc4 Be6 11. Be3 Ng6 12. Rad1 Bf4 13. Qxd8 Raxd8 14.
Bxf4 Nxf4 15. Na5 Bxa2 16. Rxd8 Rxd8 17. g3 Ng6 18. b3 Ne5 19. Nxe5 fxe5 20.
Ra1 Bxb3 21. Nxb3 Rd6 22. Ra5 Kf7 23. Rxe5 Kf6 24. Ra5 g6 25. e5+ 1-0

[Event "ODEM U25A 2011"]
[Site "Oberhof GER"]
[Date "2011.06.13"]
[Round "3"]
[White "Kardoeus, David"]
[Black "Wissel, Florian"]
[Result "1-0"]
[Termination "normal"]
[Board "36"]
[WhiteElo "1730"]
[BlackElo "1676"]
[PlyCount "98"]
[WhiteFideId "12912050"]
[EventCountry "GER"]
[EventRounds "9"]
[EventType "swiss"]
[EventDate "2011.06.11"]

1. b3 e5 2. Bb2 Nc6 3. e3 Nf6 4. c4 d6 5. Bd3 Nb4 6. Be2 Bf5 7. d3 Be7 8. a3
Nc6 9. Nc3 O-O 10. g4 Be6 11. f4 exf4 12. exf4 Ne8 13. f5 Bd7 14. Nf3 Ne5 15.
Nxe5 dxe5 16. Ne4 Bd6 17. h4 Bc6 18. Qc2 Bxe4 19. dxe4 Qe7 20. b4 c5 21. b5 Rd8
22. O-O-O Nc7 23. a4 Rd7 24. g5 Rfd8 25. Rh3 Ne8 26. Rf3 Bc7 27. Bd3 a6 28. Bc3
axb5 29. axb5 Ra8 30. Qb2 b6 31. Rg1 f6 32. Rfg3 Bd6 33. h5 Rda7 34. Bb1 fxg5
35. Rxg5 Qf6 36. Qd2 Ra4 37. h6 Bf8 38. hxg7 Bxg7 39. Bc2 Ra2 40. Qd5+ Kf8 41.
Kb1 R2a7 42. Rxg7 Nxg7 43. Bxe5 Ra1+ 44. Kb2 R8a2+ 45. Kc3 Ra3+ 46. Bb3 Qxe5+
47. Qxe5 Rxg1 48. f6 Ne6 49. Kb2 Ra5 1-0

[Event "ODEM U25A 2011"]
[Site "Oberhof GER"]
[Date "2011.06.13"]
[Round "3"]
[White "Zeller, Lukas"]
[Black "Bieg, Pascal"]
[Result "1/2-1/2"]
[Termination "normal"]
[Board "37"]
[WhiteElo "1662"]
[BlackElo "1841"]
[PlyCount "75"]
[WhiteFideId "1271152"]
[BlackFideId "12915645"]
[EventCountry "GER"]
[EventRounds "9"]
[EventType "swiss"]
[EventDate "2011.06.11"]

1. e4 c5 2. Nf3 d6 3. Bc4 Nc6 4. d3 g6 5. Be3 Bg7 6. c3 Nf6 7. Nbd2 O-O 8. O-O
a6 9. a3 b5 10. Ba2 e5 11. Ng5 h6 12. Nxf7 Rxf7 13. Bxf7+ Kxf7 14. f4 Kg8 15.
fxe5 Nxe5 16. d4 Neg4 17. Bf4 Nh5 18. Nb3 c4 19. Nd2 Nxf4 20. Rxf4 Nf6 21. Qe2
Ra7 22. Raf1 Bd7 23. Qf2 Nh7 24. Qg3 Qg5 25. Qxg5 Nxg5 26. h4 Nh7 27. Rf7 Rb7
28. R7f2 Be8 29. Nf3 h5 30. Re1 Re7 31. Rd2 Bh6 32. Rde2 Bc6 33. Nh2 Nf6 34. e5
dxe5 35. Rxe5 Rxe5 36. Rxe5 Bf4 37. Re6 Bxh2+ 38. Kxh2 1/2-1/2

[Event "ODEM U25A 2011"]
[Site "Oberhof GER"]
[Date "2011.06.13"]
[Round "3"]
[White "Hübner, Alan-Ari"]
[Black "Wastian, Jan"]
[Result "0-1"]
[Termination "normal"]
[Board "38"]
[WhiteElo "1625"]
[BlackElo "1524"]
[PlyCount "118"]
[WhiteFideId "12903965"]
[BlackFideId "12911640"]
[EventCountry "GER"]
[EventRounds "9"]
[EventType "swiss"]
[EventDate "2011.06.11"]

1. d4 d5 2. c4 c6 3. Nf3 e6 4. cxd5 exd5 5. Nc3 Nf6 6. Bg5 Be7 7. Qc2 g6 8. e3
Bf5 9. Bd3 Bxd3 10. Qxd3 O-O 11. O-O Nbd7 12. Rab1 a5 13. a3 b5 14. Rfc1 Nb6
15. Ne5 Qd6 16. Bf4 Nh5 17. Nxg6 Qxg6 18. Qxg6+ hxg6 19. Bc7 Nc4 20. Ra1 a4 21.
Rc2 Rac8 22. Bg3 Nxg3 23. hxg3 f5 24. Ne2 Bd6 25. Nf4 Bxf4 26. gxf4 Kg7 27. g3
Rh8 28. Kg2 Rh7 29. Rh1 Rch8 30. Rxh7+ Kxh7 31. Kf3 Kg7 32. Kg2 Kf6 33. Rc3 Ra8
34. Rc2 Rb8 35. Kf1 b4 36. Ke1 bxa3 37. bxa3 Rb3 38. Ra2 Rxa3 39. Rxa3 Nxa3 40.
Kd2 Nc4+ 41. Kc3 g5 42. Kb4 a3 43. Kb3 gxf4 44. exf4 Kg6 45. f3 Kh5 46. Ka2 Kg6
47. g4 fxg4 48. fxg4 Ne3 49. g5 Nc2 50. Kb3 Nxd4+ 51. Kxa3 Ne2 52. Kb4 Nxf4 53.
Kc5 Kxg5 54. Kd4 Kf5 55. Ke3 Ke5 56. Kd2 Kd4 57. Kd1 Kd3 58. Ke1 c5 59. Kd1 Ne2
0-1

[Event "ODEM U25A 2011"]
[Site "Oberhof GER"]
[Date "2011.06.13"]
[Round "3"]
[White "Usczeck, Lukas"]
[Black "Hoffmann, Dustin"]
[Result "0-1"]
[Termination "normal"]
[Board "39"]
[WhiteElo "1524"]
[BlackElo "1728"]
[PlyCount "84"]
[WhiteFideId "12937827"]
[BlackFideId "1270566"]
[EventCountry "GER"]
[EventRounds "9"]
[EventType "swiss"]
[EventDate "2011.06.11"]

1. e4 c5 2. d4 cxd4 3. c3 Nc6 4. cxd4 e6 5. Nf3 Be7 6. Nc3 d5 7. exd5 exd5 8.
Bf4 Nf6 9. Nb5 O-O 10. Nc7 Rb8 11. Nb5 Bb4+ 12. Nc3 Ne4 13. Qb3 Qf6 14. Be5
Nxe5 15. dxe5 Qb6 16. Qc2 Bf5 17. Bd3 Rbc8 18. O-O Bxc3 19. bxc3 Rxc3 20. Qe2
Rfc8 21. Rab1 Qc7 22. Rfd1 Rc5 23. Bxe4 Bxe4 24. Ra1 Rc2 25. Qe3 b6 26. Nd4 Rc4
27. Nb5 Qxe5 28. f3 Qb2 29. fxe4 Qxb5 30. exd5 Qc5 31. Qxc5 R4xc5 32. Rd2 Kf8
33. Kf2 Ke7 34. Rad1 Kd6 35. Re1 Rc2 36. Ree2 Rxd2 37. Rxd2 Rc5 38. Ke3 Rxd5
39. Rc2 g5 40. Rc8 Re5+ 41. Kd3 Re7 42. Rh8 f5 0-1

[Event "ODEM U25A 2011"]
[Site "Oberhof GER"]
[Date "2011.06.13"]
[Round "3"]
[White "Allin, Alexander"]
[Black "Schiefer, Peter"]
[Result "1/2-1/2"]
[Termination "normal"]
[Board "40"]
[WhiteElo "1492"]
[BlackElo "1597"]
[PlyCount "98"]
[WhiteFideId "12903698"]
[BlackFideId "12913200"]
[EventCountry "GER"]
[EventRounds "9"]
[EventType "swiss"]
[EventDate "2011.06.11"]

1. e4 e6 2. d4 d5 3. exd5 exd5 4. Bd3 Bd6 5. h3 Bd7 6. Nf3 Nc6 7. O-O Nce7 8.
Re1 c6 9. Bg5 Qc7 10. Nbd2 h6 11. Bxe7 Nxe7 12. Ne5 Rf8 13. Nef3 O-O-O 14. c3
f6 15. b4 g5 16. a4 g4 17. hxg4 Bxg4 18. Qb3 Rg8 19. b5 Bh3 20. Bf1 Rg7 21. a5
cxb5 22. Qxb5 Rdg8 23. a6 b6 24. Nh4 Ng6 25. Nxg6 Bd7 26. Qxd5 Rxg6 27. Qa8+
Qb8 28. Qxb8+ Kxb8 29. Nf3 Bc6 30. Re3 Bf4 31. Nh4 Rg4 32. Rh3 Bd7 33. g3 Bd2
34. Ra3 Rc8 35. Nf3 Bc1 36. Rb3 Be6 37. c4 Bxc4 38. Bxc4 Rxc4 39. Rh5 Ra4 40.
Rf5 Ra1 41. Kg2 Bg5 42. Nxg5 fxg5 43. Rf8+ Kc7 44. Rf7+ Kc6 45. Rxa7 Rxd4 46.
Rh7 Rxa6 47. Rxh6+ Kc5 48. Rg6 g4 49. Rb2 Rda4 1/2-1/2

[Event "ODEM U25A 2011"]
[Site "Oberhof GER"]
[Date "2011.06.14"]
[Round "4"]
[White "Mazarov, Jürgen"]
[Black "Figura, Atila Gajo"]
[Result "1-0"]
[Termination "normal"]
[Board "2"]
[BlackTitle "FM"]
[WhiteElo "2153"]
[BlackElo "2364"]
[PlyCount "79"]
[WhiteFideId "24617768"]
[BlackFideId "4688058"]
[EventCountry "GER"]
[EventRounds "9"]
[EventType "swiss"]
[EventDate "2011.06.11"]

1. e4 c5 2. Nf3 e6 3. d4 cxd4 4. Nxd4 Nc6 5. Nc3 Qc7 6. Be3 a6 7. Bd3 Nf6 8.
O-O b5 9. Nxc6 dxc6 10. a4 b4 11. Nb1 e5 12. f3 Nd7 13. Nd2 Bc5 14. Bxc5 Nxc5
15. Bc4 a5 16. Qe2 O-O 17. Rfd1 Ne6 18. Qf2 Qe7 19. Nb3 Nf4 20. Rd2 Bh3 21. Qg3
Be6 22. Bxe6 fxe6 23. Rad1 Rf6 24. Qf2 Rg6 25. Qb6 Rf8 26. Kh1 Qg5 27. Qg1 Nh5
28. Qf2 Qh6 29. Rd8 Rgf6 30. Nxa5 Rxd8 31. Rxd8+ Kf7 32. Qd2 Nf4 33. Nxc6 Qg5
34. Rd7+ Kg6 35. Ne7+ Kh5 36. g4+ Kh6 37. Ng8+ Kg6 38. Nxf6 gxf6 39. a5 Qh4 40.
a6 1-0

[Event "ODEM U25A 2011"]
[Site "Oberhof GER"]
[Date "2011.06.14"]
[Round "4"]
[White "Nötzel, Felix"]
[Black "van gen Hassend, Max"]
[Result "1-0"]
[Termination "normal"]
[Board "4"]
[WhiteElo "2042"]
[BlackElo "1988"]
[PlyCount "97"]
[WhiteFideId "24637416"]
[BlackFideId "12934569"]
[EventCountry "GER"]
[EventRounds "9"]
[EventType "swiss"]
[EventDate "2011.06.11"]

1. e4 c5 2. d4 cxd4 3. c3 dxc3 4. Nxc3 Nc6 5. Nf3 e6 6. Bc4 a6 7. a4 Bb4 8. O-O
Nge7 9. Bf4 O-O 10. Bd6 Qb6 11. Qb3 Bc5 12. Qxb6 Bxb6 13. b4 Re8 14. Rfd1 Ba7
15. b5 Na5 16. Bf1 Bb6 17. Rab1 Bd8 18. b6 Nec6 19. e5 f5 20. exf6 gxf6 21. Ne4
Kf7 22. Bc5 Be7 23. Nd6+ Kf8 24. Nxe8 Kxe8 25. Bd6 Nd8 26. Rbc1 Bxd6 27. Rxd6
Nf7 28. Rd3 Nc6 29. Nd4 Nb4 30. Rdc3 Nd6 31. Rh3 e5 32. Nb3 a5 33. Rxh7 Nf7 34.
Bb5 Kf8 35. Nc5 Kg8 36. Rh3 Nd5 37. Nxd7 Bxd7 38. Bxd7 Kf8 39. Rb3 Ke7 40. Bb5
Rd8 41. g3 Ng5 42. h4 Ne6 43. Kg2 Nd4 44. Rb2 Rd6 45. h5 f5 46. Rc8 Rxb6 47.
Re8+ Kd6 48. h6 Nf6 49. Rh8 1-0

[Event "ODEM U25A 2011"]
[Site "Oberhof GER"]
[Date "2011.06.14"]
[Round "4"]
[White "Weber, Max"]
[Black "Walter, Florian"]
[Result "1/2-1/2"]
[Termination "normal"]
[Board "5"]
[WhiteElo "2023"]
[BlackElo "2083"]
[PlyCount "43"]
[WhiteFideId "4624831"]
[BlackFideId "24677450"]
[EventCountry "GER"]
[EventRounds "9"]
[EventType "swiss"]
[EventDate "2011.06.11"]

1. d4 g6 2. c4 Bg7 3. Nf3 d6 4. g3 Nf6 5. Bg2 O-O 6. Nc3 c5 7. d5 e6 8. O-O
exd5 9. cxd5 Re8 10. Nd2 Nbd7 11. a4 b6 12. h3 a6 13. Nc4 Qc7 14. Bf4 Bf8 15.
e4 Rb8 16. Na3 Bb7 17. Qd2 c4 18. Rfe1 Rbc8 19. Bf1 Nc5 20. Qd4 Bg7 21. Qxc4
Qd8 22. Qa2 1/2-1/2

[Event "ODEM U25A 2011"]
[Site "Oberhof GER"]
[Date "2011.06.14"]
[Round "4"]
[White "Zuferi, Enis"]
[Black "Berger, Manuel"]
[Result "1-0"]
[Termination "normal"]
[Board "6"]
[WhiteElo "2009"]
[BlackElo "1924"]
[PlyCount "65"]
[WhiteFideId "24692530"]
[BlackFideId "24692506"]
[EventCountry "GER"]
[EventRounds "9"]
[EventType "swiss"]
[EventDate "2011.06.11"]

1. Nf3 g6 2. e4 c5 3. c3 Bg7 4. d4 cxd4 5. cxd4 d6 6. Bc4 e6 7. Nc3 a6 8. a4
Ne7 9. Bg5 h6 10. Be3 d5 11. exd5 exd5 12. Ba2 Nbc6 13. O-O O-O 14. Qd2 Kh7 15.
h3 Be6 16. Ne2 Nf5 17. Nf4 Qd7 18. Nd3 Nxe3 19. fxe3 b6 20. Rac1 Rac8 21. Nf4
Ne7 22. a5 Rc6 23. Rxc6 Nxc6 24. axb6 Rb8 25. Ne1 Rxb6 26. Ned3 Bf8 27. Nc5
Bxc5 28. dxc5 Rb5 29. Nxd5 Qd8 30. e4 Rxc5 31. b4 Rb5 32. Qc3 Ne7 33. Nf6+ 1-0

[Event "ODEM U25A 2011"]
[Site "Oberhof GER"]
[Date "2011.06.14"]
[Round "4"]
[White "Müller, Philipp"]
[Black "Pererva, Viktor"]
[Result "1-0"]
[Termination "normal"]
[Board "7"]
[WhiteElo "2035"]
[BlackElo "1956"]
[PlyCount "71"]
[WhiteFideId "24683701"]
[BlackFideId "24696463"]
[EventCountry "GER"]
[EventRounds "9"]
[EventType "swiss"]
[EventDate "2011.06.11"]

1. e4 e5 2. Nf3 Nc6 3. Bc4 Nf6 4. Ng5 d5 5. exd5 Na5 6. Bb5+ c6 7. dxc6 bxc6 8.
Bd3 Nd5 9. Nf3 Bd6 10. O-O Nf4 11. Re1 Nxd3 12. cxd3 O-O 13. Qa4 Ba6 14. b4
Bxd3 15. Qxa5 Qxa5 16. bxa5 e4 17. Ng5 h6 18. Nh3 g5 19. Ba3 c5 20. f3 Be5 21.
Nc3 Bd4+ 22. Nf2 e3 23. Rxe3 Bxe3 24. dxe3 Bf5 25. Bxc5 Rfc8 26. Bd4 Rc4 27.
Nfe4 Bxe4 28. Nxe4 Ra4 29. Bc3 Rc8 30. Nf6+ Kf8 31. Nd5 Ke8 32. Bb4 f5 33. a3
Rc4 34. Rd1 Kf7 35. h3 Ke6 36. Rd3 1-0

[Event "ODEM U25A 2011"]
[Site "Oberhof GER"]
[Date "2011.06.14"]
[Round "4"]
[White "Siebarth, Marco"]
[Black "Wurm, Alexander"]
[Result "0-1"]
[Termination "normal"]
[Board "8"]
[WhiteElo "2034"]
[BlackElo "2062"]
[PlyCount "156"]
[WhiteFideId "24604330"]
[BlackFideId "24637246"]
[EventCountry "GER"]
[EventRounds "9"]
[EventType "swiss"]
[EventDate "2011.06.11"]

1. e4 c5 2. Nf3 d6 3. d4 cxd4 4. Nxd4 Nf6 5. Nc3 a6 6. Bg5 e6 7. f4 Be7 8. Qf3
Qc7 9. O-O-O b5 10. Bd3 Bb7 11. g4 Nbd7 12. Nce2 Nc5 13. Bxf6 Bxf6 14. g5 Be7
15. h4 d5 16. e5 Rc8 17. Ng3 Na4 18. f5 Bc5 19. fxe6 Bxd4 20. Bxb5+ axb5 21.
Qxf7+ Qxf7 22. exf7+ Kxf7 23. Rxd4 Ke6 24. Re1 Rhf8 25. Nh5 Rf2 26. Rd2 Rxd2
27. Kxd2 g6 28. Nf4+ Kf5 29. Nd3 Nc5 30. Rf1+ Ke6 31. Rf6+ Ke7 32. Rb6 Ne4+ 33.
Ke3 Rc7 34. Rxb5 Ng3 35. Rb4 Nf5+ 36. Kd2 d4 37. c3 Nxh4 38. cxd4 Nf3+ 39. Ke3
Nxg5 40. Nf4 Rd7 41. a4 Ne6 42. Ne2 h5 43. Nc3 g5 44. Ne4 Bxe4 45. Kxe4 h4 46.
d5 Nf4 47. d6+ Ke6 48. Rb8 Ng6 49. Rg8 Nxe5 50. Re8+ Kf6 51. Rxe5 Rxd6 52. Rf5+
Kg6 53. Rf8 Rd2 54. Kf3 Rxb2 55. a5 Rb3+ 56. Kg2 Ra3 57. Ra8 Kf5 58. a6 Ra2+
59. Kh3 Ra3+ 60. Kg2 Kg4 61. a7 Ra2+ 62. Kf1 h3 63. Rb8 Rxa7 64. Kg1 Ra2 65.
Rb4+ Kg3 66. Rb1 Ra3 67. Kh1 g4 68. Rc1 Kh4 69. Rc4 Re3 70. Ra4 Kg5 71. Ra5+
Kf4 72. Kh2 Re2+ 73. Kg1 g3 74. Ra4+ Kf3 75. Ra3+ Re3 76. Ra1 g2 77. Kh2 Kf2
78. Rg1 Re1 0-1

[Event "ODEM U25A 2011"]
[Site "Oberhof GER"]
[Date "2011.06.14"]
[Round "4"]
[White "Wisheckel, Lena"]
[Black "Adelhütte, Dennis"]
[Result "0-1"]
[Termination "normal"]
[Board "9"]
[WhiteElo "1760"]
[BlackElo "2003"]
[PlyCount "64"]
[WhiteFideId "24691992"]
[BlackFideId "4661265"]
[EventCountry "GER"]
[EventRounds "9"]
[EventType "swiss"]
[EventDate "2011.06.11"]

1. e4 e6 2. d4 d5 3. Nc3 Nf6 4. Bg5 Be7 5. e5 Nfd7 6. Be3 c5 7. Qg4 g6 8. Bb5
Nc6 9. Nge2 cxd4 10. Bxd4 Nxd4 11. Nxd4 a6 12. Bxd7+ Bxd7 13. O-O O-O 14. a3
Qb6 15. Nce2 Rac8 16. c3 Bb5 17. Rfd1 Bc5 18. a4 Bd7 19. b4 Bxd4 20. Rxd4 f6
21. exf6 Rxf6 22. Qg5 Rcf8 23. a5 Qd6 24. f3 Rf5 25. Qg3 Qc6 26. Rad1 Bc8 27.
Rg4 e5 28. Kh1 R8f6 29. Rg5 Qc4 30. Rxf5 Rxf5 31. Ng1 Be6 32. Qh4 Qxh4 0-1

[Event "ODEM U25A 2011"]
[Site "Oberhof GER"]
[Date "2011.06.14"]
[Round "4"]
[White "Stövesand, Peter"]
[Black "Rudenok, Tatiana"]
[Result "0-1"]
[Termination "normal"]
[Board "11"]
[WhiteElo "1563"]
[BlackElo "1980"]
[PlyCount "86"]
[WhiteFideId "1270624"]
[BlackFideId "4123379"]
[EventCountry "GER"]
[EventRounds "9"]
[EventType "swiss"]
[EventDate "2011.06.11"]

1. e4 c5 2. Nf3 d6 3. d4 cxd4 4. Nxd4 Nf6 5. Nc3 g6 6. Be3 Bg7 7. Bc4 O-O 8. f3
Nc6 9. Qd2 Bd7 10. O-O-O Rc8 11. Bb3 Ne5 12. g4 Nc4 13. Bxc4 Rxc4 14. Kb1 Qc7
15. h4 Rc8 16. Rh2 b5 17. Nd5 Nxd5 18. exd5 Qb7 19. Nb3 Qa6 20. Qa5 Qxa5 21.
Nxa5 Ra4 22. Nb3 Be5 23. Re2 f5 24. f4 Bg7 25. g5 Re4 26. Rde1 Bf8 27. Bd2 Rec4
28. Bc1 b4 29. Rd1 Bb5 30. Rf2 Bg7 31. Be3 Re4 32. Bxa7 Ba4 33. Rf3 Re2 34. Rc1
Rh2 35. Bf2 Rc4 36. Re1 Kf7 37. Rfe3 Rxf2 38. Rxe7+ Kf8 39. Ra7 Be8 40. Ree7
Bd4 41. Rab7 Rfxc2 42. Rxh7 Rxb2+ 43. Ka1 Rxb3# 0-1

[Event "ODEM U25A 2011"]
[Site "Oberhof GER"]
[Date "2011.06.14"]
[Round "4"]
[White "Ehlers, Michael"]
[Black "Höpfner, Tim"]
[Result "0-1"]
[Termination "normal"]
[Board "12"]
[WhiteElo "1932"]
[BlackElo "1936"]
[PlyCount "92"]
[WhiteFideId "4674537"]
[BlackFideId "4638310"]
[EventCountry "GER"]
[EventRounds "9"]
[EventType "swiss"]
[EventDate "2011.06.11"]

1. d4 Nf6 2. c4 c5 3. d5 b5 4. cxb5 a6 5. b6 d6 6. Qb3 Bb7 7. Nc3 Nbd7 8. e4
Qxb6 9. Qxb6 Nxb6 10. Be2 g6 11. Be3 Nfd7 12. Nf3 Bg7 13. Rc1 O-O 14. Nd2 Rab8
15. Bg5 f6 16. Be3 Ne5 17. f4 Ned7 18. h4 f5 19. h5 fxe4 20. hxg6 hxg6 21. Bg4
Bxc3 22. bxc3 Bxd5 23. c4 Nf6 24. Bh3 Bf7 25. f5 Kg7 26. g4 Rh8 27. Kf2 Rxh3
28. Rxh3 Nxg4+ 29. Ke2 gxf5 30. Bg5 Nf6 31. Bh6+ Kh7 32. Bf8+ Bh5+ 33. Rxh5+
Nxh5 34. Bxe7 Nc8 35. Bf8 Nf4+ 36. Ke3 Ne6 37. Rh1+ Kg6 38. Rh8 Rb2 39. Nf1
Rxa2 40. Bh6 Ra3+ 41. Kf2 Nb6 42. Bc1 Rf3+ 43. Kg1 Nxc4 44. Rh6+ Kf7 45. Rh7+
Kf6 46. Rh6+ Ke5 0-1

[Event "ODEM U25A 2011"]
[Site "Oberhof GER"]
[Date "2011.06.14"]
[Round "4"]
[White "Bach, Jannik"]
[Black "Kieslich, Aaron"]
[Result "1-0"]
[Termination "normal"]
[Board "13"]
[WhiteElo "1772"]
[BlackElo "1815"]
[PlyCount "145"]
[WhiteFideId "24615900"]
[BlackFideId "1270391"]
[EventCountry "GER"]
[EventRounds "9"]
[EventType "swiss"]
[EventDate "2011.06.11"]

1. e4 c5 2. Nf3 d6 3. d4 cxd4 4. Nxd4 Nf6 5. Nc3 a6 6. h3 e6 7. g4 d5 8. exd5
Nxd5 9. Nde2 Bb4 10. Bd2 b5 11. Bg2 Bb7 12. O-O Bxc3 13. Nxc3 O-O 14. Qe2 Nxc3
15. Bxc3 Bxg2 16. Kxg2 Qc7 17. a4 Qc6+ 18. Qf3 Qxf3+ 19. Kxf3 Nd7 20. Rfd1 Nb6
21. axb5 axb5 22. Ke4 Rfc8 23. Rxa8 Rxa8 24. Rd6 Nd5 25. Bd4 Rc8 26. c3 Kf8 27.
Rd7 Rb8 28. f4 Ke8 29. Ra7 Nf6+ 30. Bxf6 gxf6 31. Rc7 Rd8 32. Rc5 b4 33. cxb4
Rb8 34. b5 Kd7 35. h4 Rb6 36. g5 fxg5 37. fxg5 Kd8 38. Ke5 Ke7 39. b3 Rb7 40.
b4 Rb6 41. Kd4 Rd6+ 42. Kc4 Kd7 43. Kb3 Rd1 44. h5 Rb1+ 45. Kc3 Rc1+ 46. Kb2
Rd1 47. Kc2 Rd6 48. h6 Rd4 49. Kc3 Rd6 50. Kc4 Rb6 51. Rc6 Rxc6+ 52. bxc6+ Kxc6
53. Kd4 Kb5 54. Ke5 Kxb4 55. Kf6 Kc4 56. Kxf7 e5 57. g6 hxg6 58. h7 e4 59. h8=Q
e3 60. Qe5 Kd3 61. Qd5+ Ke2 62. Kxg6 Ke1 63. Qa5+ Kf1 64. Qa1+ Kf2 65. Qd4 Kf3
66. Qd3 Kf2 67. Qf5+ Ke1 68. Kg5 e2 69. Kg4 Kd2 70. Qf2 Kd1 71. Qd4+ Kc2 72.
Qe3 Kd1 73. Qd3+ 1-0

[Event "ODEM U25A 2011"]
[Site "Oberhof GER"]
[Date "2011.06.14"]
[Round "4"]
[White "Winterholler, Christina"]
[Black "von Meijenfeldt, Bart"]
[Result "0-1"]
[Termination "normal"]
[Board "15"]
[WhiteElo "1669"]
[BlackElo "2149"]
[PlyCount "70"]
[WhiteFideId "24652105"]
[BlackFideId "1032259"]
[EventCountry "GER"]
[EventRounds "9"]
[EventType "swiss"]
[EventDate "2011.06.11"]

1. e4 c5 2. Nf3 d6 3. Bb5+ Nd7 4. O-O a6 5. Bxd7+ Bxd7 6. Re1 e6 7. c4 b5 8. d3
g6 9. Nc3 Bg7 10. e5 Bc6 11. Bf4 d5 12. b3 h6 13. Qe2 Ne7 14. Rad1 O-O 15. d4
dxc4 16. dxc5 Qa5 17. Bd2 b4 18. Ne4 c3 19. Bc1 Bxe4 20. Qxe4 Qxc5 21. Be3 Qa5
22. Qc2 Nf5 23. Bf4 Rfd8 24. g4 Rxd1 25. Rxd1 Ne7 26. Qe4 Rd8 27. Rxd8+ Qxd8
28. Qxb4 Qd1+ 29. Kg2 Nd5 30. Qb8+ Kh7 31. Bxh6 Bxh6 32. Qb7 Kg7 33. h4 c2 34.
g5 Bxg5 35. Nxg5 Qg4+ 0-1

[Event "ODEM U25A 2011"]
[Site "Oberhof GER"]
[Date "2011.06.14"]
[Round "4"]
[White "Grigoryeva, Olga"]
[Black "Celmer, Ole"]
[Result "1-0"]
[Termination "normal"]
[Board "17"]
[WhiteElo "2087"]
[BlackElo "1788"]
[PlyCount "85"]
[WhiteFideId "24132594"]
[BlackFideId "24657107"]
[EventCountry "GER"]
[EventRounds "9"]
[EventType "swiss"]
[EventDate "2011.06.11"]

1. c4 c5 2. Nf3 Nf6 3. g3 g6 4. Bg2 Bg7 5. O-O O-O 6. Nc3 Nc6 7. d4 d6 8. d5
Nb8 9. Qd3 Nbd7 10. b3 Nb6 11. Bb2 Bf5 12. Qd2 Qc7 13. Nh4 Bc8 14. e4 Nbd7 15.
f4 a6 16. a4 Rb8 17. Rae1 b6 18. Nf3 Ne8 19. Qe2 f6 20. Bh3 Ra8 21. Be6+ Kh8
22. f5 Ne5 23. Nxe5 dxe5 24. Qg4 Bxe6 25. dxe6 g5 26. Nd5 Qb7 27. Ba3 Nd6 28.
Qe2 Rac8 29. Qc2 a5 30. Kg2 Rg8 31. Rh1 Bh6 32. Bc1 Rb8 33. Qd3 Bf8 34. g4 Bh6
35. h4 Rg7 36. hxg5 Bxg5 37. Bxg5 Rxg5 38. Rh4 Rbg8 39. Qh3 R8g7 40. Rh1 Kg8
41. Kf3 Kf8 42. Rxh7 Ke8 43. Rxg7 1-0

[Event "ODEM U25A 2011"]
[Site "Oberhof GER"]
[Date "2011.06.14"]
[Round "4"]
[White "Münch, Robert"]
[Black "Papusha, Maxim"]
[Result "1-0"]
[Termination "normal"]
[Board "18"]
[WhiteElo "1908"]
[BlackElo "1745"]
[PlyCount "83"]
[WhiteFideId "4626028"]
[BlackFideId "12915246"]
[EventCountry "GER"]
[EventRounds "9"]
[EventType "swiss"]
[EventDate "2011.06.11"]

1. d4 Nf6 2. e3 d5 3. Bd3 c5 4. c3 Nc6 5. f4 g6 6. Nf3 Bg7 7. Ne5 e6 8. Nd2 Qc7
9. O-O O-O 10. g4 Ne7 11. Qe1 b6 12. Qh4 a5 13. Rf3 Ba6 14. Bc2 cxd4 15. exd4
h5 16. g5 Nd7 17. Nf1 Nf5 18. Bxf5 exf5 19. Ne3 Nxe5 20. fxe5 Qd7 21. Bd2 b5
22. a3 Rfb8 23. Ng2 b4 24. cxb4 axb4 25. Bxb4 Be2 26. Re3 Rxb4 27. Rxe2 Qb5 28.
Qf2 Raa4 29. Rd2 Qb6 30. Rad1 Rc4 31. Nf4 Ra5 32. Kh1 Qc6 33. Qe3 Ra6 34. Qf3
Ra5 35. Rd3 Rb5 36. R3d2 Bf8 37. Ne2 Rc2 38. b4 Rc4 39. Rd3 Be7 40. h4 Rb6 41.
Nc3 Qa8 42. Nxd5 1-0